000 00287nam a22001337a 4500
041 _aENG
100 _aSedov.L.I
245 _aSimlarity And Dimensional Methods In Mechanics
250 _a10 Th Ed
260 _aDelhi
_bCRC Press
_c2010
300 _a479
650 _aFS
856 _uFS
999 _c830
_d830